000 00701nam a2200289Ia 4500
005 20260324120801.0
008 008 260324s9999 xx 000 0 eng d
020 _a9781315815008
037 _aEBOOK
040 _aCRL
040 _beng
040 _cCRL
041 _2eng
041 _aeng
084 _qCRL
100 _aR.J. Miller
_91159952
245 0 _aContemporary Orchestration
245 2 _bA Practical Guide to Instruments, Ensembles, and Musicians
260 _bTaylor and Francis
260 _c2014
365 _a
365 _b290
856 _uhttp://www.taylorfrancis.com/books/9781315815008
942 _cEBOOK
999 _c1751658
_d1751658